| 000 | 004080000a22001690004500 | ||
|---|---|---|---|
| 003 | MACL | ||
| 005 | 20160112133917.0 | ||
| 008 | 160112b xxu||||| |||| 00| 0 eng d | ||
| 040 |
_aMACL _cMACL |
||
| 041 | _aEnglish | ||
| 086 | _a927/RUN | ||
| 100 |
_aRunciman, John F _931300 |
||
| 245 | _aHaydn | ||
| 260 |
_bGeorge Bell and Sons _c1908 _aLondon |
||
| 650 |
_aBiography _931301 |
||
| 942 |
_cBK _k927/RUN _2ddc |
||
| 999 |
_c36827 _d36827 |
||